राष्ट्रीयवाद की चाकरी में धर्मं : (Record no. 120361)

MARC details
000 -LEADER
fixed length control field 01426nam a22002897a 4500
003 - CONTROL NUMBER IDENTIFIER
control field dpl
005 - DATE AND TIME OF LATEST TRANSACTION
control field 20190226104246.0
008 - FIXED-LENGTH DATA ELEMENTS--GENERAL INFORMATION
fixed length control field 190226b ||||| |||| 00| 0 eng d
010 ## - LIBRARY OF CONGRESS CONTROL NUMBER
LC control number B-236224
020 ## - INTERNATIONAL STANDARD BOOK NUMBER
Terms of availability 425.00
International Standard Book Number 8181433696
035 ## - SYSTEM CONTROL NUMBER
System control number B-236224, B-236228
037 ## - SOURCE OF ACQUISITION
Source of stock number/acquisition Cen Lib/Ret
040 ## - CATALOGING SOURCE
Original cataloging agency DPL
Language of cataloging HN
Transcribing agency 0
082 ## - DEWEY DECIMAL CLASSIFICATION NUMBER
Classification number 808.80355
Item number किश्वर
100 ## - MAIN ENTRY--PERSONAL NAME
Personal name किश्वर, मधु पूर्णिमा
9 (RLIN) 89986
245 ## - TITLE STATEMENT
Title राष्ट्रीयवाद की चाकरी में धर्मं :
Statement of responsibility, etc मधु पूर्णिमा किश्वर ; अनुवादक योगेन्द्र दत्त
Remainder of title एवं अन्य लेख /
246 ## - VARYING FORM OF TITLE
Title proper/short title Rashtriyvad ki chaakri dharma : evam anya lekh /
Remainder of title by Madhu Poornima Kishwar ; anuvadak Yogendra Datt
260 ## - PUBLICATION, DISTRIBUTION, ETC. (IMPRINT)
Place of publication, distribution, etc नयी दिल्ली
Name of publisher, distributor, etc वाणी प्रकाशन
Date of publication, distribution, etc 2005
270 ## - ADDRESS
City नयी दिल्ली
Address 4667/5, 21, ए, दरियागंज
Postal code 110002
300 ## - PHYSICAL DESCRIPTION
Extent 370पृ.
Dimensions 19सेमी(सजिल्द )
650 ## - SUBJECT ADDED ENTRY--TOPICAL TERM
Topical term or geographic name as entry element राष्ट्रीयवाद
General subdivision
Geographic subdivision
9 (RLIN) 81535
650 ## - SUBJECT ADDED ENTRY--TOPICAL TERM
Topical term or geographic name as entry element राष्ट्रीयवाद--भारत
9 (RLIN) 89987
650 ## - SUBJECT ADDED ENTRY--TOPICAL TERM
Topical term or geographic name as entry element Nationalism
9 (RLIN) 89988
650 ## - SUBJECT ADDED ENTRY--TOPICAL TERM
Topical term or geographic name as entry element Nationalism - India
9 (RLIN) 89989
700 ## - ADDED ENTRY--PERSONAL NAME
Personal name दत्त, योगेन्द्र
9 (RLIN) 42810
942 ## - ADDED ENTRY ELEMENTS (KOHA)
Source of classification or shelving scheme Dewey Decimal Classification
Koha item type Hindi Books
Classification part 808.80355
Call number suffix किश्वर
Holdings
Withdrawn status Lost status Source of classification or shelving scheme Damaged status Not for loan Home library Current library Date acquired Source of acquisition Cost, normal purchase price Total Checkouts Full call number Barcode Date last seen Date checked out Copy number Cost, replacement price Price effective from Koha item type Collection code
    Dewey Decimal Classification     Central Library Central Library 22/09/2015 Cen Lib/Ref 425.00 2 808.80355 किश्वर B-236224 06/08/2018 20/07/2018 1 425.00 22/09/2015 Hindi Books  
    Dewey Decimal Classification     Shahdara Branch Shahdara Branch 26/02/2019 BPPD/PUB 425.00   808.80355 किश्वर B-236228 26/02/2019     425.00 26/02/2019 Hindi Books Non-fiction

© Delhi Public Library
Hit Counter
free hit counter